[Event "TCh-Europe u18"]
[Site "Balatonlelle HUN"]
[Date "2003.07.19"]
[Round "1"]
[White "Saric,Iv"]
[Black "Berczes,D"]
[Result "0-1"]
[WhiteElo "2113"]
[BlackElo "2393"]

1.e4 c5 2.Nf3 d6 3.d4 cxd4 4.Nxd4 Nf6 5.Nc3 a6 6.Be3 Ng4 7.Bc1 Nf6 8.Be3 e6
9.f3 b5 10.Qd2 Bb7 11.g4 h6 12.O-O-O Nbd7 13.Bd3 b4 14.Nce2 e5 15.Nb3 d5
16.exd5 Nxd5 17.Bc4 N7f6 18.Ng3 Qc7 19.Bxd5 Nxd5 20.Rhe1 O-O-O 21.Qf2 a5
22.Ne4 Be7 23.Kb1 g6 24.Bc5 Bxc5 25.Nexc5 Bc6 26.Qe2 Qb6 27.Qc4 Kb8 28.Rd2 f6
29.Red1 Ne3 30.Na6+ Kb7 31.Nac5+ Ka7 32.Qf7+ Ka8 33.Rxd8+ Rxd8 34.Rxd8+ Qxd8
35.Nc1 Qd1 36.Qxg6 e4 37.Qg8+ Ka7 38.Qb3 Nf1 39.Qf7+ Kb6 40.Nxe4 Bxe4 41.Qxf6+ Bc6
42.b3 a4 43.bxa4 Nd2+ 44.Kb2 Nc4+ 45.Kb3 Ne3 46.a5+ Kb5 47.a4+ bxa3 48.Qc3 Bd5+
49.Kxa3 Qxc1+ 50.Qb2+ Qxb2+ 51.Kxb2 Bxf3 52.Kc3 Bxg4 53.Kd3 Nc4 54.a6 Nb6
55.a7 Ka6 56.Ke4 Kxa7 57.Kf4 h5 58.Kg5 Kb7 59.h3 Bd1  0-1

[Event "BCSA Open"]
[Site "Batumi GEO"]
[Date "2003.07.19"]
[Round "3"]
[White "Aroshidze,L"]
[Black "Zarkua,D"]
[Result "1-0"]
[WhiteElo "2393"]
[BlackElo "2246"]

1.e4 c5 2.Nf3 d6 3.d4 cxd4 4.Nxd4 Nf6 5.Nc3 a6 6.Be3 e6 7.f3 Nbd7 8.g4 h6
9.Qd2 b5 10.O-O-O Ne5 11.h4 b4 12.Nb1 d5 13.Bf4 Ng6 14.Bg3 Bd6 15.Nc6 Bxg3
16.Nxd8 Bf4 17.Nc6 a5 18.exd5 Nxd5 19.c4 bxc3 20.Nxc3 Bxd2+ 21.Rxd2 O-O 22.Nxd5 exd5
23.Kb1 Bb7 24.Bb5 Rfc8 25.Rc1 Kf8 26.h5 Nf4 27.a4 Bxc6 28.Bxc6 Ra7 29.Bb5 Rxc1+
30.Kxc1 Rc7+ 31.Rc2 Ne6 32.Rxc7 Nxc7 33.b4 axb4 34.Kb2 Ke7 35.Kb3 Kd6 36.Kxb4 Ne6
37.a5 Nc7 38.a6 f6 39.a7 Na8 40.Ka5 Kc7 41.Ka6 Nb6 42.Be8 Na8 43.Kb5 Kd6
44.Bc6 Nc7+ 45.Kb6 d4 46.Be4 Kd7 47.Kb7 Kd6 48.Bf5 Na8 49.Kxa8 Kc7 50.f4  1-0

[Event "KB Czech Open"]
[Site "Pardubice CZE"]
[Date "2003.07.19"]
[Round "2"]
[White "Gunnarsson,J"]
[Black "Borovikov,V"]
[Result "1-0"]
[WhiteElo "2411"]
[BlackElo "2590"]

1.e4 c5 2.Nf3 d6 3.d4 cxd4 4.Nxd4 Nf6 5.Nc3 a6 6.Be3 e5 7.Nb3 Be6 8.f4 exf4
9.Bxf4 Nc6 10.h3 Be7 11.Qe2 Nd7 12.O-O-O Nde5 13.Kb1 O-O 14.g4 b5 15.Qg2 Re8
16.Nd5 Bf8 17.g5 Bxd5 18.exd5 Na5 19.Nd4 Nac4 20.h4 g6 21.h5 Bg7 22.hxg6 hxg6
23.Qh3 Qb6 24.Qh2 Kf8 25.Ne6+ Rxe6 26.dxe6 Ra7 27.exf7 Rxf7 28.Bc1 Qc5 29.Bxc4 Nxc4
30.Rhf1 Na3+ 31.bxa3 Qc3 32.Rxf7+ Kxf7 33.Rf1+ Ke7 34.Rf6  1-0

[Event "KB Czech Open"]
[Site "Pardubice CZE"]
[Date "2003.07.20"]
[Round "3"]
[White "Balabaev,T"]
[Black "Shtyrenkov,V"]
[Result "1/2-1/2"]
[WhiteElo "2462"]
[BlackElo "2514"]

1.e4 c5 2.Nf3 d6 3.d4 cxd4 4.Nxd4 Nf6 5.Nc3 a6 6.Be3 e5 7.Nb3 Be6 8.f3 Nbd7
9.g4 b5 10.g5 b4 11.Nd5 Nxd5 12.exd5 Bf5 13.Bd3 Bxd3 14.Qxd3 Be7 15.h4 O-O
16.O-O-O a5 17.Nd2 f5 18.gxf6 Nxf6 19.h5 a4 20.Nc4 Nd7 21.h6 g6 22.Rhg1 Qe8
23.Rdf1 Rc8 24.f4 exf4 25.Rxf4 Rxf4 26.Bxf4 Qf7 27.Rf1 b3 28.axb3 axb3 29.Nxd6 Bxd6
30.Bxd6 Rxc2+ 31.Kb1 Rf2 32.Rxf2 Qxf2 33.Qxb3 Qf5+ 34.Ka2 Kf7 35.Ka3 g5 36.Qe3 Nf6
37.Qe7+  1/2-1/2

[Event "BCSA Open"]
[Site "Batumi GEO"]
[Date "2003.07.21"]
[Round "5"]
[White "Aroshidze,L"]
[Black "Bakhtadze,L"]
[Result "1/2-1/2"]
[WhiteElo "2393"]
[BlackElo "2145"]

1.e4 c5 2.Nf3 d6 3.d4 cxd4 4.Nxd4 Nf6 5.Nc3 a6 6.Be3 e6 7.f3 Nbd7 8.g4 h6
9.Qd2 b5 10.O-O-O Ne5 11.h4 b4 12.Nb1 d5 13.Bf4 Ng6 14.Bg3 Bd6 15.Nc6 Bxg3
16.Nxd8 Bf4 17.Nc6 Bb7 18.Na5 O-O-O 19.Qxf4 Nxf4 20.e5 Nd7 21.Rd4 b3 22.axb3 g5
23.Nxb7 Kxb7 24.Ra4 Nxe5 25.Bxa6+ Kb6 26.Nd2 Ra8 27.Bf1 Rhc8 28.Kb1 Ra5 29.c3 Rca8
30.Rxa5 Kxa5 31.hxg5 hxg5 32.Rh7 Re8 33.b4+ Kb6 34.b3 Kc6 35.Kc2 Ra8 36.Kb2 Rb8
37.Ba6 Kb6 38.Bf1 Kc6 39.Rh6 Kd6 40.Ba6 Rb6 41.Bf1 Rb8 42.Rh1 Kc6 43.Kc2 Ra8
44.Kb1 Rb8 45.Rh2 Neg6 46.Be2 Nxe2 47.Rxe2 d4 48.Ne4 dxc3 49.Nxg5 Rxb4 50.Kc2 Rf4
51.Nxe6 fxe6 52.Rxe6+ Kc5 53.Rxg6 Rxf3 54.Rg5+ Kd4 55.Rf5 Rg3 56.Rf4+ Ke5
57.Ra4 Kd6 58.Ra6+ Kc5 59.Ra4 Kb5 60.Rc4 Ka5 61.Rd4 Kb5 62.Re4 Kc5 63.Rf4 Kb5
64.Rc4 Ka5 65.b4+ Kb5 66.Rf4 Ka4 67.Rd4 Kb5 68.Kb3 Kc6 69.Rf4 Kb5 70.Rf5+ Kb6
71.g5 Rh3 72.Rf6+ Kb5 73.Rf5+ Kb6 74.Re5 Rf3 75.Rc5 Rg3 76.Kc2 Ka6 77.b5+ Ka5
78.Kb3 Kb6 79.Re5 Ka5 80.Rf5 Rh3 81.Rf4 Rg3 82.Rf5 Rh3 83.Rf4 Rg3 84.Rf5 Rh3
85.Rc5 Rg3 86.Kc2 Kb4 87.Rc8 Rg2+ 88.Kd3 Rg3+ 89.Kc2  1/2-1/2

[Event "KB Czech Open"]
[Site "Pardubice CZE"]
[Date "2003.07.21"]
[Round "4"]
[White "Balabaev,T"]
[Black "Vorobiov,E"]
[Result "0-1"]
[WhiteElo "2462"]
[BlackElo "2547"]

1.e4 c5 2.Nf3 d6 3.d4 cxd4 4.Nxd4 Nf6 5.Nc3 a6 6.Be3 e6 7.f3 b5 8.g4 h6 9.Qd2 Nbd7
10.O-O-O Ne5 11.h4 b4 12.Nb1 d5 13.Bf4 Ng6 14.Bh2 dxe4 15.g5 hxg5 16.hxg5 e3
17.Qxe3 Nd5 18.Qd2 Bc5 19.Bc4 Bb7 20.Qd3 Qxg5+ 21.Nd2 Ne5 22.Bxe5 Rxh1 23.Rxh1 Qxe5
24.Bb5+ Ke7 25.Nc6+ Bxc6 26.Bxc6 Rd8 27.Rd1 Be3 28.Qxa6 Bxd2+ 29.Rxd2 Qe1+
30.Rd1 Qe3+ 31.Rd2 Nc3  0-1

[Event "26th Open"]
[Site "Ghent BEL"]
[Date "2003.07.22"]
[Round "8"]
[White "Van der Weide,K"]
[Black "Wemmers,X"]
[Result "1-0"]
[WhiteElo "2412"]
[BlackElo "2340"]

1.e4 c5 2.Nf3 d6 3.d4 cxd4 4.Nxd4 Nf6 5.Nc3 a6 6.Be3 e5 7.Nde2 Be7 8.h3 Be6
9.f4 O-O 10.f5 Bc4 11.Ng3 Bxf1 12.Rxf1 Nbd7 13.Qd3 Qa5 14.O-O-O Nc5 15.Bxc5 dxc5
16.Kb1 Rfd8 17.Nd5 Nxd5 18.exd5 c4 19.Qxc4 Rac8 20.Qd3 Rc5 21.f6 Bxf6 22.d6 Qb5
23.Qxb5 Rxb5 24.c4 Rc5 25.b3 Rc6 26.Ne4 b6 27.Rd5 h6 28.Kc2 Kh7 29.Kd3 Kg6
30.b4 Bg5 31.Rxe5 Rcxd6+ 32.Nxd6 Rxd6+ 33.Rd5 Re6 34.Rf3 f6 35.c5 bxc5 36.bxc5 Re1
37.Kc4 Kf7 38.c6 Ke6 39.c7  1-0

[Event "ch-NED Open"]
[Site "Dieren NED"]
[Date "2003.07.23"]
[Round "2"]
[White "Brandenburg,D"]
[Black "Van Blitterswijk,S"]
[Result "0-1"]
[WhiteElo "2213"]
[BlackElo "2412"]

1.e4 c5 2.Nf3 d6 3.d4 cxd4 4.Nxd4 Nf6 5.Nc3 a6 6.Be3 e5 7.Nb3 Be6 8.Qd2 Be7
9.f3 O-O 10.O-O-O b5 11.g4 b4 12.Na4 Nbd7 13.Qxb4 d5 14.Qb7 dxe4 15.Be2 Rb8
16.Qc6 Rc8 17.Qb7 exf3 18.Bxf3 Nxg4 19.Bb6 Bg5+ 20.Kb1 Qe7 21.Ba7 Bf5 22.Nc3 Ngf6
23.Bc6 Qe6 24.Bxd7 Nxd7 25.Rhe1 Qc6 26.Qb4 Qg6 27.Re2 Rc7 28.Bf2 Rfc8 29.Rg1 Qh5
30.Rge1 Qf3 31.Bg3 Rc4 32.Qa5 f6 33.Nd2 Bxd2 34.Rxd2 Qb7 35.Qd5+ Qxd5 36.Rxd5 Nb6
37.Rd2 Rb8 38.Kc1 Rcc8 39.Rf2 Bg6 40.Ne4 Na4 41.c3 Rb6 42.Rd2 Rcb8 43.b3 Bxe4
44.Rxe4 Nxc3 45.Rc4 Nb5 46.Bf2 Rd6 47.Rxd6 Nxd6 48.Ra4 Rc8+ 49.Kd1 Rc6 50.Rb4 Kf7
51.a4 f5 52.Rb8 f4 53.b4 Ne4 54.Rb7+ Kg6 55.Ke2 Nxf2 56.Kxf2 e4 57.Re7 Rc2+
58.Ke1 e3  0-1

[Event "TCh-Europe u18 girls"]
[Site "Balatonlelle HUN"]
[Date "2003.07.24"]
[Round "5"]
[White "Mijovic,A"]
[Black "Kadziolka,B"]
[Result "0-1"]
[WhiteElo "2089"]
[BlackElo "2255"]

1.e4 c5 2.Nf3 d6 3.d4 cxd4 4.Nxd4 Nf6 5.Nc3 a6 6.Be3 e5 7.Nb3 Be7 8.f3 Be6
9.Qd2 O-O 10.O-O-O Nbd7 11.g4 Qc7 12.g5 Nh5 13.Kb1 Rfc8 14.Bd3 b5 15.Ne2 Nb6
16.Ng3 Nf4 17.Bxf4 exf4 18.Qxf4 g6 19.Qc1 Bc4 20.f4 a5 21.Nd4 b4 22.h4 Qa7
23.b3 Bxd3 24.Rxd3 a4 25.Qb2 d5 26.h5 Nc4 27.Nb5 Qa6 28.bxc4 dxc4 29.Qe5 cxd3
30.hxg6 Qxg6 31.Nf5 dxc2+ 32.Kc1 Bc5 33.Nc7 Ra5 34.Nd5 Kf8 35.Rh6 b3 36.Rxg6 Ba3+
37.Kd2 c1=Q+ 38.Ke2 Rc2+ 39.Kf3 Qd1+ 40.Kg3 Qg1+  0-1

[Event "BCSA Open"]
[Site "Batumi GEO"]
[Date "2003.07.24"]
[Round "8"]
[White "Erdogdu,M"]
[Black "Bakhtadze,L"]
[Result "1-0"]
[WhiteElo "2336"]
[BlackElo "2145"]

1.e4 c5 2.Nf3 d6 3.d4 cxd4 4.Nxd4 Nf6 5.Nc3 a6 6.Be3 e6 7.f3 Nbd7 8.g4 h6
9.Qd2 b5 10.O-O-O Ne5 11.Kb1 b4 12.Nce2 Nc4 13.Qd3 Qc7 14.Bc1 d5 15.exd5 Ne5
16.Qb3 Nxd5 17.Nf4 Bb7 18.Re1 Bd6 19.Qa4+ Qd7 20.Qxd7+ Kxd7 21.Nd3 Nxd3 22.Bxd3 Nf6
23.Be2 Rhd8 24.h4 h5 25.g5 Nd5 26.Bd3 g6 27.Be4 Bg3 28.Rd1 Kc8 29.Ne2 Bc7
30.Rd3 a5 31.Nd4 Ba6 32.Rdd1 Bb7 33.Nb5 Bc6 34.Nxc7 Kxc7 35.Bd2 Ne7 36.Be3 Nf5
37.Bf2 Bd5 38.Rd3 Bc4 39.Rdd1 Ra6 40.Rxd8 Kxd8 41.Rd1+ Kc7 42.b3 Bb5 43.a3 bxa3
44.c4 Bc6 45.Ka2 Ne7 46.Bg3+ Kc8 47.Kxa3 Nf5 48.Bf2 e5 49.Bxc6 Rxc6 50.Rd5 Nd6
51.Rxa5 Nxc4+ 52.bxc4 Rxc4 53.Rxe5 Rc3+ 54.Kb4 Rxf3 55.Be3 Kd7 56.Kc5 f5
57.gxf6 Rxf6 58.Kd5 Rf1 59.Ke4 Rh1 60.Bf2 Kd6 61.Rg5 Ke6 62.Rxg6+ Kf7 63.Rg5 Rf1
64.Kf3  1-0

[Event "26th Asian Juniors"]
[Site "Negombo SRI"]
[Date "2003.07.24"]
[Round "8"]
[White "Mohammad,Ali"]
[Black "Chan Tze Wei"]
[Result "1-0"]
[WhiteElo "1995"]
[BlackElo "2017"]

1.e4 c5 2.Nf3 d6 3.d4 cxd4 4.Nxd4 Nf6 5.Nc3 a6 6.Be3 e6 7.Bd3 Be7 8.O-O O-O
9.f4 Qc7 10.Qf3 Re8 11.Rae1 Bf8 12.Kh1 Nc6 13.Nxc6 bxc6 14.e5 Nd5 15.Bd4 Bb7
16.Nxd5 exd5 17.Qh3 g6 18.e6 c5 19.f5 fxe6 20.fxg6 h6 21.Rxf8+ Kxf8 22.g7+ Kf7
23.Qxh6 cxd4 24.Qg6+  1-0

[Event "3rd Savaria Summer Open"]
[Site "Szombathely HUN"]
[Date "2003.07.24"]
[Round "6"]
[White "Erdelyi,Z"]
[Black "Lang,Gu"]
[Result "1-0"]
[WhiteElo "2281"]
[BlackElo "2053"]

1.e4 c5 2.Nf3 d6 3.d4 cxd4 4.Nxd4 Nf6 5.Nc3 a6 6.Be3 e6 7.Be2 Be7 8.O-O Qc7
9.f4 Nbd7 10.Bf3 Nb6 11.Qe2 Nc4 12.Bc1 Bd7 13.b3 Nb6 14.Bb2 Rc8 15.Kh1 e5
16.Nf5 Bxf5 17.exf5 O-O 18.Rae1 Nbd7 19.Nd5 Nxd5 20.Bxd5 b5 21.fxe5 dxe5
22.c4 Bb4 23.Rc1 Qb8 24.f6 Nxf6 25.Rxf6 gxf6 26.Qg4+ Kh8 27.Qf5  1-0

[Event "BCSA Open"]
[Site "Batumi GEO"]
[Date "2003.07.25"]
[Round "9"]
[White "Petrosian,D"]
[Black "Magalashvili,D"]
[Result "0-1"]
[WhiteElo "2378"]
[BlackElo "2250"]

1.e4 c5 2.Nf3 d6 3.d4 cxd4 4.Nxd4 Nf6 5.Nc3 a6 6.Be3 Ng4 7.Bc1 Nf6 8.Be3 Ng4
9.Bg5 h6 10.Bh4 g5 11.Bg3 Bg7 12.h3 Nf6 13.Bc4 Qb6 14.O-O O-O 15.Nde2 Qxb2
16.Bb3 Qa3 17.f4 g4 18.e5 Nh5 19.Bh4 Nc6 20.Nd5 dxe5 21.f5 gxh3 22.gxh3 b5
23.Qd3 Qc5+ 24.Kh2 Kh8 25.c3 Nf6 26.Bxf6 Bxf6 27.Ng3 Rd8 28.Ne4 Qa3 29.Nexf6 exf6
30.Qe3 Qf8 31.Nxf6 e4 32.Kh1 Rd3 33.Qf4 Rxh3+ 34.Kg2 Rf3 35.Rxf3 exf3+ 36.Kf2 Qg7
37.Ng4 Bxf5 38.Qxf5 Qxc3 39.Qf6+ Qxf6 40.Nxf6 Nd4 41.Rg1 Nxb3 42.axb3 a5
43.Kxf3 a4 44.b4 a3 45.Ke4 a2 46.Ra1 Ra4 47.Nd5 h5 48.Kf5 h4 49.Kg4 Ra3 50.Kxh4 Rd3
51.Nf6 Rd4+ 52.Kg5 Rd2 53.Rc1 Kg7 54.Rg1 Rg2+ 55.Rxg2 a1=Q 56.Kf5+ Kf8 57.Rg4 Qf1+
58.Ke5 Qe2+ 59.Re4 Qb2+ 60.Kf5 Qc2 61.Ke5 Ke7 62.Nd5+ Kd7 63.Nf6+ Kc6 64.Rf4 Qg6
65.Rg4 Qd3 66.Rd4 Qe3+ 67.Ne4 f6+  0-1

[Event "ch-COL"]
[Site "Cali COL"]
[Date "2003.07.25"]
[Round "6"]
[White "Martinez,Cr"]
[Black "Mosquera,M"]
[Result "0-1"]
[WhiteElo "2279"]
[BlackElo "2389"]

1.e4 c5 2.Nf3 d6 3.d4 cxd4 4.Nxd4 Nf6 5.Nc3 a6 6.Be3 e5 7.Nb3 Be6 8.f3 Nbd7
9.g4 b5 10.g5 Nh5 11.Nd5 Bxd5 12.Qxd5 Be7 13.a4 O-O 14.Qd2 Rb8 15.axb5 axb5
16.Rg1 Qc7 17.Ra7 Rb7 18.Rxb7 Qxb7 19.Na5 Qa6 20.c4 b4 21.Nb3 Qa4 22.Nc1 b3
23.Ne2 Qc6 24.Nc3 Nb6 25.Nd5 Nxd5 26.cxd5 Qa4 27.Bh3 Bd8 28.Kf2 Nf4 29.Bxf4 exf4
30.Kg2 Bb6 31.Rd1 Be3 32.Qc3 g6 33.Bg4 Qb5 34.Rd3 Rb8 35.e5 dxe5 36.d6 e4
37.fxe4 Qxg5 38.h3 h5 39.d7 Rd8 40.Kf3 hxg4+ 41.hxg4  0-1

[Event "ch-COL"]
[Site "Cali COL"]
[Date "2003.07.26"]
[Round "8"]
[White "Martinez,Cr"]
[Black "Alzate,D"]
[Result "0-1"]
[WhiteElo "2279"]
[BlackElo "2426"]

1.e4 c5 2.Nf3 d6 3.d4 cxd4 4.Nxd4 Nf6 5.Nc3 a6 6.Be3 e5 7.Nb3 Be7 8.f3 Be6
9.Qd2 O-O 10.O-O-O Nbd7 11.g4 Qc7 12.g5 Nh5 13.Nd5 Bxd5 14.exd5 a5 15.Kb1 Rfb8
16.Nc1 b5 17.Ne2 b4 18.Ng3 Nf4 19.Bxf4 exf4 20.Qxf4 a4 21.Nf5 Bf8 22.b3 axb3
23.cxb3 Rxa2  0-1

[Event "MTO"]
[Site "Biel SUI"]
[Date "2003.07.27"]
[Round "6"]
[White "Al Sayed,Mohamad"]
[Black "Korotylev,A"]
[Result "1-0"]
[WhiteElo "2455"]
[BlackElo "2546"]

1.e4 c5 2.Nf3 d6 3.d4 cxd4 4.Nxd4 Nf6 5.Nc3 a6 6.Be3 e5 7.Nb3 Be7 8.f3 Be6
9.Qd2 Nbd7 10.O-O-O O-O 11.g4 Nb6 12.Na5 Qc7 13.Bxb6 Qxb6 14.Nc4 Qc5 15.Ne3 Rfc8
16.h4 b5 17.g5 Nd7 18.Ncd5 Bd8 19.Bh3 a5 20.Rdg1 Qd4 21.Qg2 Nc5 22.Rd1 Bxh3
23.Qxh3 Nd3+ 24.Rxd3 Qxd3 25.Qd7 g6 26.Qxd6 Qe2 27.Qxe5 Ra6 28.Qe8+ Kg7 29.h5 Bxg5
30.h6+ Bxh6 31.Qe5+ Kg8 32.Rxh6 Re6 33.Qh2 Qxh2 34.Rxh2 h5 35.Kd2 Kg7 36.Kd3 Rd6
37.c3 Rdd8 38.b3 Rb8 39.e5 Rh8 40.f4 Rbd8 41.c4 bxc4+ 42.bxc4 Rc8 43.f5 g5
44.Ke4 h4 45.e6 fxe6 46.fxe6  1-0

[Event "ch-NED Open"]
[Site "Dieren NED"]
[Date "2003.07.28"]
[Round "6"]
[White "Brandenburg,D"]
[Black "Jens,J"]
[Result "0-1"]
[WhiteElo "2213"]
[BlackElo "2401"]

1.e4 c5 2.Nf3 d6 3.d4 cxd4 4.Nxd4 Nf6 5.Nc3 a6 6.Be3 e6 7.f4 b5 8.Qf3 Bb7
9.Bd3 Nbd7 10.a3 Rc8 11.O-O Be7 12.Rae1 O-O 13.g4 Rxc3 14.bxc3 Nc5 15.g5 Nfxe4
16.Qh5 g6 17.Qg4 Nxc3 18.Nf3 Nd5 19.Bd4 Qc7 20.h4 Nxd3 21.cxd3 Qc2 22.Rd1 Nc3
23.Bxc3 Qxc3 24.a4 bxa4 25.f5 gxf5 26.Qxa4 Bd8 27.Rb1 Qc8 28.Rfc1 Qa8 29.Nd4 Qa7
30.Kf1 Bd5 31.Ke2 f4 32.Qb4 Qd7 33.Nf3 e5 34.Rf1 a5 35.Qb5 Be6 36.Qa6 Re8
37.Kd2 Be7 38.Ne1 Bd5 39.Qb5 Bc6 40.Qb6 Kg7 41.Rc1 Bd5 42.Qxa5 Qh3 43.Nc2 Qg2+
44.Ke1 Rc8 45.Rf2 Qg1+ 46.Rf1 Qg3+ 47.Rf2 Bb3 48.Qd2 Bd8 49.Kf1 Bb6 50.Rg2 Qh3  0-1

[Event "ch-NED Open"]
[Site "Dieren NED"]
[Date "2003.07.29"]
[Round "7"]
[White "Hoeksema,E"]
[Black "L'Ami,E"]
[Result "0-1"]
[WhiteElo "2363"]
[BlackElo "2439"]

1.e4 c5 2.Nf3 d6 3.d4 cxd4 4.Nxd4 Nf6 5.Nc3 a6 6.Be3 e6 7.g4 h6 8.Bg2 Nbd7
9.Qe2 Ne5 10.h3 g5 11.f4 gxf4 12.Bxf4 Nfd7 13.O-O-O Be7 14.Kb1 b5 15.Nf3 Qc7
16.Rhf1 Bb7 17.Qf2 Rh7 18.Nxe5 Nxe5 19.Ne2 O-O-O 20.Nd4 Kb8 21.Rfe1 Bf6 22.Be3 Qe7
23.Nf3 Nc4 24.Bd4 Rhh8 25.Bf1 Rc8 26.Qg3 e5 27.Bg1 Rc6 28.Qf2 Bc8 29.Bxc4 bxc4
30.Rf1 Bg5 31.Nxg5 hxg5 32.Qe3 Be6 33.Rf3 Ka8 34.Qa3 Rb8 35.Rc3 Rb5 36.b3 Qc7
37.Ka1 cxb3 38.Rxc6 b2+ 39.Kb1 Qxc6 40.Qe3 Bxa2+ 41.Kxa2 b1=Q+ 42.Rxb1 Qxc2+
43.Ka3 Ra5+ 44.Kb4 Ra4+  0-1

[Event "66th NY Masters"]
[Site "New York USA"]
[Date "2003.07.29"]
[Round "1"]
[White "Shtivelband,R"]
[Black "Paehtz,E"]
[Result "0-1"]
[WhiteElo "2208"]
[BlackElo "2417"]

1.e4 c5 2.Nf3 d6 3.d4 cxd4 4.Nxd4 Nf6 5.Nc3 a6 6.Be3 e5 7.Nb3 Be6 8.f3 Nbd7
9.g4 h6 10.Qd2 b5 11.Rg1 Nb6 12.Qf2 Nfd7 13.O-O-O Rc8 14.Nd5 Bxd5 15.exd5 Be7
16.f4 Nc4 17.Bxc4 bxc4 18.Nd2 c3 19.Ne4 cxb2+ 20.Kb1 Rc4 21.Nd2 Ra4 22.Nb3 O-O
23.g5 exf4 24.Bxf4 hxg5 25.Be3 Ne5 26.Bd4 Bf6 27.Rd3 Nxd3  0-1

[Event "MTO"]
[Site "Biel SUI"]
[Date "2003.07.30"]
[Round "9"]
[White "Vovsha,E"]
[Black "Kritz,L"]
[Result "0-1"]
[WhiteElo "2432"]
[BlackElo "2522"]

1.e4 c5 2.Nf3 d6 3.d4 cxd4 4.Nxd4 Nf6 5.Nc3 a6 6.Be3 e5 7.Nb3 Be6 8.f3 Nbd7
9.g4 Nb6 10.Qd2 d5 11.exd5 Nfxd5 12.Nxd5 Nxd5 13.O-O-O Qc7 14.Bd3 Bb4 15.Qf2 Rc8
16.Kb1 O-O 17.Be4 Nxe3 18.Qxe3 Be7 19.Bd3 Rfd8 20.Rhe1 Bh4 21.Rg1 g6 22.g5 Bc4
23.Bxc4 Rxd1+ 24.Rxd1 Qxc4 25.c3 Qf4 26.Qxf4 exf4 27.Rd7 b5 28.Rd5 Re8 29.Kc2 Re2+
30.Rd2 Re3 31.Rd3 Re5 32.Nc1 Bxg5 33.b3 Be7 34.Rd2 Kf8 35.Re2 Rh5 36.Nd3 Rh3
37.Nxf4 Rxf3 38.Nd5 Bd6 39.c4 bxc4 40.bxc4 Rh3 41.Nf6 h5 42.c5 Rxh2  0-1

[Event "ch-NED Open"]
[Site "Dieren NED"]
[Date "2003.07.30"]
[Round "8"]
[White "Brandenburg,D"]
[Black "Van den Dikkenberg,E"]
[Result "1-0"]
[WhiteElo "2213"]
[BlackElo "2277"]

1.e4 c5 2.Nf3 d6 3.d4 cxd4 4.Nxd4 Nf6 5.Nc3 a6 6.Be3 e6 7.f4 b5 8.Qf3 Bb7
9.Bd3 Nbd7 10.a3 Rc8 11.O-O Be7 12.Rae1 O-O 13.g4 Rxc3 14.bxc3 Nc5 15.Bf2 Qa8
16.Bh4 Rc8 17.Bxf6 Bxf6 18.g5 Bd8 19.h4 Ba5 20.Nb3 Bxc3 21.Re2 Nxb3 22.cxb3 Bd4+
23.Kh2 Rc3 24.Rc2 Rxb3 25.f5 e5 26.g6 Bc5 27.gxf7+ Kf8 28.Qh5 Ke7 29.Qxh7 Qf8
30.Rg2 Rxd3 31.Rxg7 Rd2+ 32.Kh3 Bxe4 33.f6+  1-0

[Event "ch-NED Open"]
[Site "Dieren NED"]
[Date "2003.07.31"]
[Round "9"]
[White "Nijboer,F"]
[Black "Janssen,R"]
[Result "1-0"]
[WhiteElo "2588"]
[BlackElo "2491"]

1.e4 c5 2.Nf3 d6 3.d4 cxd4 4.Nxd4 Nf6 5.Nc3 a6 6.Be3 e6 7.f3 b5 8.Qd2 Nbd7
9.g4 h6 10.O-O-O Bb7 11.Bd3 Ne5 12.Rhe1 b4 13.Na4 Qa5 14.b3 Nfd7 15.Be2 Nc5
16.Nxc5 dxc5 17.Nxe6 fxe6 18.Bf4 Bc6 19.Bxe5 c4 20.Qd4 c3 21.a4 Be7 22.f4 Qc5
23.Bxg7 Rh7 24.Qxc5 Bxc5 25.Bd4  1-0

[Event "World Youth Stars"]
[Site "Kirishi RUS"]
[Date "2003.08.03"]
[Round "2"]
[White "Perman,E"]
[Black "Nepomniachtchi,I"]
[Result "0-1"]
[WhiteElo "2081"]
[BlackElo "2432"]

1.e4 c5 2.Nf3 d6 3.d4 cxd4 4.Nxd4 Nf6 5.Nc3 a6 6.Be3 e5 7.Nb3 Be6 8.Be2 Nbd7
9.O-O Rc8 10.a4 Be7 11.f3 O-O 12.a5 Qc7 13.Qd2 Rfd8 14.Rfd1 d5 15.exd5 Nxd5
16.Nxd5 Bxd5 17.Rac1 Bc6 18.Qe1 Re8 19.Bd3 e4 20.Bxe4 Bxe4 21.fxe4 Bf6 22.Bd4 Bg5
23.Nd2 Qxa5 24.Qg3 Bf6 25.Bxf6 Nxf6 26.Kh1 Rcd8 27.Nb3 Rxd1+ 28.Rxd1 Qh5
29.Re1 Nxe4 30.Qe3 Qe5 31.Kg1 f5 32.c3 Qd5 33.Nd4 g6 34.h3 Nf6 35.Qf2 Rxe1+
36.Qxe1 Qe4 37.Qf1 Kg7 38.Qf2 Nd5 39.Kh1 Ne3 40.Kh2 a5 41.Qe2 a4 42.Qf2 h6
43.Kh1 f4 44.Nf3 g5 45.Qd2 Qb1+ 46.Ng1 Qd1 47.Qf2 Qc2 48.Qxc2 Nxc2 49.Nf3 Kf6
50.Nd2 b5 51.Nf3 Ne3 52.Nd4 Nd1 53.Nxb5 Nxb2 54.Na3 Ke5  0-1

[Event "Valoz Cup"]
[Site "Olomouc CZE"]
[Date "2003.08.03"]
[Round "6"]
[White "Toma,K"]
[Black "Thallinger,H"]
[Result "0-1"]
[WhiteElo "2210"]
[BlackElo "2363"]

1.e4 c5 2.Nf3 d6 3.d4 cxd4 4.Nxd4 Nf6 5.Nc3 a6 6.Be3 Qc7 7.f3 e6 8.Qd2 Be7
9.O-O-O Nc6 10.g4 O-O 11.g5 Nd7 12.h4 Nxd4 13.Bxd4 b5 14.Bd3 Rb8 15.Kb1 b4
16.Ne2 e5 17.Be3 Nc5 18.b3 Be6 19.f4 f6 20.f5 Bf7 21.g6 hxg6 22.fxg6 Bxg6
23.Rhg1 Nxe4 24.Qc1 Bh7 25.Bh6 Rf7 26.Bc4 Bf8 27.Be3 Kh8 28.Bxf7 Qxf7 29.Ka1 d5
30.Ng3 Rc8  0-1

[Event "Stork YM"]
[Site "Hengelo NED"]
[Date "2003.08.04"]
[Round "1"]
[White "Vasilkova,S"]
[Black "Lahaye,R"]
[Result "0-1"]
[WhiteElo "2347"]
[BlackElo "2273"]

1.e4 c5 2.Nf3 d6 3.d4 cxd4 4.Nxd4 Nf6 5.Nc3 a6 6.Be3 e5 7.Nb3 Be6 8.f3 h5
9.Qd2 Be7 10.O-O-O Nbd7 11.Nd5 Nxd5 12.exd5 Bf5 13.Bd3 Bxd3 14.Qxd3 Bg5 15.Kb1 Bxe3
16.Qxe3 O-O 17.g4 hxg4 18.fxg4 Rc8 19.h4 Rc4 20.g5 f5 21.gxf6 Nxf6 22.Qd3 Rf4
23.Rdg1 Qe8 24.Rh2 Qh5 25.Rhg2 Rf7 26.Qh3 Qf5 27.Qxf5 Rxf5 28.Rd1 Rf4 29.Na5 Nxd5
30.Re2 Rf1 31.Kc1 Nf4 32.Re4 Rxd1+ 33.Kxd1 b5 34.Kd2 Ng6 35.Rg4 Kh7 36.c4 Rf2+
37.Kc3 bxc4 38.Nxc4 Rf6 39.Nb6 Nf4 40.Nc4 Kh6 41.b4 g6 42.a4 Kh5 43.Ne3 Nd5+
44.Nxd5 Rf3+ 45.Ne3 Rxe3+ 46.Kd2 Ra3 47.Rg5+ Kh6 48.a5 Rf3 49.Rg4 Rf6 50.Re4 Re6
51.Rc4 d5 52.Rc5 Rd6 53.b5 axb5 54.Rxb5 Kh5 55.Rb6 Rd7 56.a6 e4 57.Rb7 Rd6
58.a7 Ra6 59.Rh7+ Kg4 60.Ke3 Ra3+ 61.Kd4 e3 62.Re7 Kxh4 63.Kxd5 g5 64.Re4+ g4
65.Kd4 e2 66.Rxe2 Rxa7 67.Re8 Rf7 68.Ke3 Kh3 69.Ke2 g3 70.Rh8+ Kg2 71.Re8 Kg1
72.Ke1 g2 73.Ke2 Rg7 74.Rh8 Re7+ 75.Kd1 Re5 76.Rf8 Kh2 77.Rh8+ Kg3 78.Rg8+ Kh3
79.Kd2 Re4  0-1

[Event "Hilton Premier"]
[Site "Blackpool ENG"]
[Date "2003.08.06"]
[Round "4"]
[White "Haslinger,S"]
[Black "Gormally,D"]
[Result "1-0"]
[WhiteElo "2414"]
[BlackElo "2478"]

1.e4 c5 2.Nf3 d6 3.d4 cxd4 4.Nxd4 Nf6 5.Nc3 a6 6.Be3 e6 7.f3 Nc6 8.Qd2 Be7
9.O-O-O O-O 10.g4 Nxd4 11.Bxd4 b5 12.g5 Nd7 13.h4 Bb7 14.Kb1 Rc8 15.Bh3 Ne5
16.Qg2 Qa5 17.g6 hxg6 18.h5 g5 19.h6 g6 20.Bxe5 dxe5 21.Rd7 Rc7 22.Rxe7 Rxe7
23.Qxg5 f6 24.Qxg6+ Kh8 25.Bxe6 Qc7 26.Nd5 Bxd5 27.exd5 Rh7 28.Rg1  1-0

[Event "FSGM August"]
[Site "Budapest HUN"]
[Date "2003.08.07"]
[Round "6"]
[White "Murariu,A"]
[Black "Tatai,S"]
[Result "1-0"]
[WhiteElo "2389"]
[BlackElo "2343"]

1.e4 c5 2.Nf3 d6 3.d4 cxd4 4.Nxd4 Nf6 5.Nc3 a6 6.Be3 e5 7.Nb3 Be6 8.f3 Nbd7
9.g4 h6 10.Qd2 b5 11.O-O-O Nb6 12.Qf2 Rb8 13.Na5 Bd7 14.Kb1 Na4 15.Nxa4 Qxa5
16.Nb6 Bxg4 17.fxg4 Nxg4 18.Qf5  1-0

[Event "Open"]
[Site "Olomouc CZE"]
[Date "2003.08.07"]
[Round "9"]
[White "Laznicka,V"]
[Black "Simacek,P"]
[Result "1/2-1/2"]
[WhiteElo "2446"]
[BlackElo "2437"]

1.e4 c5 2.Nf3 d6 3.d4 cxd4 4.Nxd4 Nf6 5.Nc3 a6 6.Be3 e6 7.f3 Be7 8.Qd2 Nc6
9.O-O-O O-O 10.g4 Nxd4 11.Bxd4 b5 12.g5 Nd7 13.h4 Qc7 14.Kb1 b4 15.Ne2 Ne5
16.f4 Nc4 17.Qd3 a5 18.Nc1 Ba6 19.Qg3 Rfc8 20.Rh2 a4 21.g6 fxg6 22.h5 e5
23.fxe5 dxe5 24.Bxc4+ Bxc4 25.Bxe5 Qc6 26.hxg6 h6 27.Qe3 Bg5 28.Bf4 Bxf4
29.Qxf4 b3 30.Rd6 Qc7 31.Qd2 Qc5 32.cxb3 axb3 33.axb3 Bxb3 34.Nxb3 Qg1+ 35.Nc1 Qa7
36.Ra6 Qxa6 37.Qd5+ Kh8 38.Rxh6+ gxh6 39.Qe5+ Kg8 40.Qd5+  1/2-1/2

[Event "Hilton Premier"]
[Site "Blackpool ENG"]
[Date "2003.08.08"]
[Round "8"]
[White "Haslinger,S"]
[Black "Hunt,A"]
[Result "0-1"]
[WhiteElo "2414"]
[BlackElo "2395"]

1.e4 c5 2.Nf3 d6 3.d4 cxd4 4.Nxd4 Nf6 5.Nc3 a6 6.Be3 e5 7.Nb3 Be6 8.f3 Nbd7
9.g4 b5 10.g5 b4 11.Ne2 Nh5 12.Qd2 a5 13.Ng3 Nxg3 14.hxg3 a4 15.Nc1 Qa5 16.f4 g6
17.Nd3 d5 18.Bg2 d4 19.Bf2 Bd6 20.O-O O-O 21.fxe5 Nxe5 22.Bxd4 Rfd8 23.Qe3 Ng4
24.Qf3 Qxg5 25.e5 Qh5 26.Rfe1 Be7 27.Re4 Rac8 28.c3 Bf5 29.Rf4 bxc3 30.bxc3 Bg5
31.Rxf5 gxf5 32.Nf4 Qh2+ 33.Kf1 Rxd4 34.cxd4 Rc2 35.e6 fxe6 36.Rb1 Rf2+ 37.Qxf2 Nxf2
38.Rb7 Bxf4 39.Kxf2  0-1

[Event "FSIM August"]
[Site "Budapest HUN"]
[Date "2003.08.14"]
[Round "13"]
[White "Lenderman,A"]
[Black "Berczes,D"]
[Result "1-0"]
[WhiteElo "2219"]
[BlackElo "2393"]

1.e4 c5 2.Nf3 d6 3.d4 cxd4 4.Nxd4 Nf6 5.Nc3 a6 6.Be3 Ng4 7.Bg5 h6 8.Bh4 g5
9.Bg3 Bg7 10.Be2 h5 11.Bxg4 Bxg4 12.f3 Bd7 13.Qd2 Nc6 14.Bf2 Ne5 15.b3 b5
16.a4 b4 17.Nd5 a5 18.Rd1 e6 19.Nb6 Qxb6 20.Nxe6 Qxf2+ 21.Kxf2 Bxe6 22.Qxd6 Nd7
23.Qc6 Ke7 24.Qd6+ Ke8 25.Rd5 Bxd5 26.Qxd5 Rc8 27.Rd1 Ne5 28.Qxa5 f6 29.Qd5 Rxc2+
30.Kf1 Rc6 31.g3 Rc2 32.Qe6+  1-0